00918nam a2200217Ia 450000500170000000800410001702000180005804000090007605000190008508200210010410000540012524500770017925000180025626000320027430000180030650400310032450502800035565000220063565000210065765000220067820231102150858.0120626s 2007mx 000 0 spa d a9789681869700 aUIN  4aH83 bA53 2007 a300bA543in 20071 aAnda Gutiérrez, Cuauhtémoce , autord1938 -  aIntroducción a las ciencias socialesc / Cuauhtémoc Anda Gutíerrez a4a. edición aMéxicob : Limusac, 2007 a412 páginas aBibliografia (pp. 391-412) aI. La Construcción del conocimiento en las ciencias sociales II. Interpretaciones científicas de la realidad social III. El enfoque interdisciplinario para el análisis de la realidad social contemporánea IV. Metodologías de investigación de las ciencias sociales1 aCIENCIAS SOCIALES2 aCIENCIA POLITICA 0aCIENCIAS SOCIALES